[Event "We LahS A 2020 Lahti"]
[Site "?"]
[Date "2020.08.15"]
[Round "1"]
[White "Vainikainen, Tommi"]
[Black "Maki, Juha"]
[Result "0-1"]
[WhiteElo "1915"]
[BlackElo "2040"]
[PlyCount "74"]
[EventDate "2020.??.??"]
[SourceDate "2021.11.06"]
[SourceVersionDate "2021.11.06"]

1. e4 e6 2. d4 d5 3. e5 c5 4. c3 Nc6 5. Nf3 Bd7 6. Bd3 cxd4 7. cxd4 Qb6 8. O-O
Nxd4 9. Nxd4 Qxd4 10. Nc3 a6 11. Re1 Ne7 12. Be3 Qxe5 13. Qg4 h5 14. Qf3 Qf6
15. Qg3 h4 16. Qg4 e5 17. Qb4 h3 18. Bc5 Bc6 19. Re3 Rh4 20. Qb6 hxg2 21. Rae1
Qf4 22. Rg3 e4 23. Be3 Qd6 24. Bg5 Rh5 25. Be2 Rh7 26. Bg4 f6 27. Be3 Kf7 28.
Bc5 Qd8 29. Qb3 Ng6 30. Bf5 Nh4 31. Bxh7 Bxc5 32. Nxe4 Ba7 33. Nd2 g6 34. Qd3
f5 35. Bxg6+ Nxg6 36. Qxf5+ Qf6 37. Qh5 Qxf2# 0-1

[Event "We LahS A 2020 Lahti"]
[Site "?"]
[Date "2020.08.15"]
[Round "2"]
[White "Maki, Juha"]
[Black "Luukkonen, Tommi"]
[Result "0-1"]
[WhiteElo "2040"]
[BlackElo "2333"]
[PlyCount "50"]
[EventDate "2020.??.??"]
[SourceDate "2021.11.06"]
[SourceVersionDate "2021.11.06"]

1. d4 Nf6 2. c4 c5 3. d5 g6 4. Nc3 Bg7 5. h3 O-O 6. Nf3 d6 7. Bf4 a6 8. a4 Qa5
9. Bd2 e6 10. e4 e5 11. Bd3 Nh5 12. g3 Qd8 13. Qc2 f5 14. Ng5 f4 15. Ne6 Bxe6
16. dxe6 fxg3 17. fxg3 Nxg3 18. Rg1 Nc6 19. O-O-O Nb4 20. Qb1 Rf3 21. e7 Qxe7
22. Nd5 Nxd5 23. cxd5 c4 24. Bf1 Raf8 25. Bxc4 Rc8 0-1

[Event "We LahS A 2020 Lahti"]
[Site "?"]
[Date "2020.08.15"]
[Round "2"]
[White "Tuominen, Tanja"]
[Black "Hartio, Ilkka"]
[Result "0-1"]
[WhiteElo "2081"]
[BlackElo "2027"]
[PlyCount "54"]
[EventDate "2020.??.??"]
[SourceDate "2021.11.06"]
[SourceVersionDate "2021.11.06"]

1. e4 c6 2. d4 d5 3. exd5 cxd5 4. Nf3 Nc6 5. c4 Nf6 6. Nc3 g6 7. Bg5 dxc4 8. d5
Nb8 9. Bxc4 Bg7 10. O-O O-O 11. Re1 Bg4 12. h3 Bxf3 13. Qxf3 Nbd7 14. d6 exd6
15. Qxb7 Rb8 16. Qxa7 Rxb2 17. Bb3 Nc5 18. Qa3 Nxb3 19. axb3 Rc2 20. Ne4 d5 21.
Rad1 Qb6 22. Be3 Qc6 23. Nxf6+ Bxf6 24. Qa5 Bc3 25. Qa3 Bxe1 26. Rxe1 Re8 27.
Rd1 Rxe3 0-1

[Event "We LahS A 2020 Lahti"]
[Site "?"]
[Date "2020.08.15"]
[Round "2"]
[White "Tuominen, Joona"]
[Black "Sipila, Markku"]
[Result "1-0"]
[WhiteElo "2025"]
[BlackElo "2047"]
[PlyCount "69"]
[EventDate "2020.??.??"]
[SourceDate "2021.11.06"]
[SourceVersionDate "2021.11.06"]

1. Nf3 d5 2. c4 c6 3. g3 Nf6 4. Bg2 g6 5. O-O Bg7 6. d4 O-O 7. Nc3 Bf5 8. Ne5
Na6 9. Qb3 Rb8 10. cxd5 cxd5 11. Nxd5 Be6 12. Nxf6+ Bxf6 13. Qa4 Qb6 14. Be3
Qb4 15. Qxb4 Nxb4 16. a3 Nc2 17. Rac1 Nxe3 18. fxe3 Rfd8 19. Nd3 Bg4 20. Kf2
Kg7 21. Rc7 Rd6 22. Bxb7 Bf5 23. Nc5 Bh3 24. Rb1 Rb6 25. b4 e5 26. Bd5 exd4 27.
Rxf7+ Kh6 28. Ne4 dxe3+ 29. Kf3 Bf5 30. Rc1 Be5 31. h4 Bxe4+ 32. Bxe4 Re8 33.
g4 Rh8 34. Rc5 Bd4 35. Rcc7 1-0

[Event "We LahS A 2020 Lahti"]
[Site "?"]
[Date "2020.08.15"]
[Round "2"]
[White "Paronen, Petteri"]
[Black "Vainikainen, Tommi"]
[Result "1/2-1/2"]
[WhiteElo "2022"]
[BlackElo "1915"]
[PlyCount "48"]
[EventDate "2020.??.??"]
[SourceDate "2021.11.06"]
[SourceVersionDate "2021.11.06"]

1. e4 e5 2. f4 d5 3. exd5 e4 4. d3 Nf6 5. Nc3 Bb4 6. Bd2 e3 7. Bxe3 Nxd5 8. Bd2
Bxc3 9. bxc3 O-O 10. g3 Re8+ 11. Kf2 Qf6 12. c4 Qd4+ 13. Kg2 Ne3+ 14. Bxe3 Qxe3
15. Qe2 Nc6 16. Qxe3 Rxe3 17. Kf2 Re8 18. Rb1 Nd4 19. Rb2 Nf5 20. Be2 Ne3 21.
Nf3 Bh3 22. Ng5 Bg4 23. Nf3 Bh3 24. Ng5 Bg4 1/2-1/2

[Event "We LahS A 2020 Lahti"]
[Site "?"]
[Date "2020.08.16"]
[Round "3"]
[White "Hartio, Ilkka"]
[Black "Maki, Juha"]
[Result "1/2-1/2"]
[WhiteElo "2027"]
[BlackElo "2040"]
[PlyCount "72"]
[EventDate "2020.??.??"]
[SourceDate "2021.11.06"]
[SourceVersionDate "2021.11.06"]

1. Nf3 d5 2. g3 Nf6 3. Bg2 e6 4. c4 dxc4 5. Qa4+ c6 6. Qxc4 b5 7. Qc2 Bb7 8. d4
Nbd7 9. O-O Be7 10. Nbd2 Rc8 11. a4 a6 12. Qd3 Qb6 13. b3 c5 14. Bb2 O-O 15.
axb5 axb5 16. Rfc1 Rfd8 17. e3 e5 18. Qe2 exd4 19. exd4 Re8 20. Qf1 Bd5 21.
dxc5 Bxc5 22. Nh4 Bxg2 23. Kxg2 Ng4 24. h3 Qb7+ 25. Nhf3 Nge5 26. Bxe5 Nxe5 27.
Ra2 Bb4 28. Rxc8 Rxc8 29. Qe2 f6 30. Qe4 Qxe4 31. Nxe4 Nxf3 32. Kxf3 f5 33. Ng5
h6 34. Ne6 Rc3+ 35. Kg2 Rxb3 36. Nd4 Rb1 1/2-1/2

[Event "We LahS A 2020 Lahti"]
[Site "?"]
[Date "2020.08.16"]
[Round "3"]
[White "Tuominen, Joona"]
[Black "Tuominen, Tanja"]
[Result "1/2-1/2"]
[WhiteElo "2025"]
[BlackElo "2081"]
[PlyCount "40"]
[EventDate "2020.??.??"]
[SourceDate "2021.11.06"]
[SourceVersionDate "2021.11.06"]

1. Nf3 c5 2. c4 e6 3. Nc3 d5 4. cxd5 exd5 5. d4 Nf6 6. g3 Nc6 7. Bg2 Be7 8. O-O
O-O 9. dxc5 Bxc5 10. a3 h6 11. b4 Be7 12. Bb2 Be6 13. Rc1 Qd7 14. Na4 b6 15.
Nc3 Rac8 16. e3 Bg4 17. Qb3 Ne4 18. Nxe4 dxe4 19. Ne5 Nxe5 20. Bxe5 Be2 1/2-1/2

[Event "We LahS A 2020 Lahti"]
[Site "?"]
[Date "2020.08.16"]
[Round "3"]
[White "Vainikainen, Tommi"]
[Black "Komulainen, Lauri"]
[Result "0-1"]
[WhiteElo "1915"]
[BlackElo "1977"]
[PlyCount "42"]
[EventDate "2020.??.??"]
[SourceDate "2021.11.06"]
[SourceVersionDate "2021.11.06"]

1. e4 c6 2. d4 d5 3. f3 dxe4 4. fxe4 e5 5. Nf3 Bg4 6. Be3 Nf6 7. Bc4 Nbd7 8.
Bxf7+ Kxf7 9. dxe5 Bxf3 10. e6+ Kxe6 11. Qxf3 Bb4+ 12. c3 Bd6 13. O-O Rf8 14.
Qf5+ Kf7 15. Bd4 Qe7 16. Nd2 Kg8 17. e5 Bxe5 18. Nf3 Bxd4+ 19. cxd4 Nd5 20. Qh3
Nf4 21. Qg4 h5 0-1

[Event "We LahS A 2020 Lahti"]
[Site "?"]
[Date "2020.08.16"]
[Round "3"]
[White "Mustonen, Tapani"]
[Black "Paronen, Petteri"]
[Result "0-1"]
[WhiteElo "1979"]
[BlackElo "2022"]
[PlyCount "132"]
[EventDate "2020.??.??"]
[SourceDate "2021.11.06"]
[SourceVersionDate "2021.11.06"]

1. d4 Nf6 2. Nf3 d6 3. g3 g6 4. Bg2 Bg7 5. O-O O-O 6. b3 Nbd7 7. Bb2 e5 8. dxe5
Ng4 9. c4 dxe5 10. h3 Nh6 11. Qc2 Re8 12. c5 c6 13. Nbd2 f5 14. Rfd1 Qe7 15. b4
e4 16. Bxg7 Kxg7 17. Qc3+ Nf6 18. Nd4 Nf7 19. Nc4 Ne5 20. Nd6 Rd8 21. Rd2 Nf7
22. Nxf7 Kxf7 23. Rad1 Nd5 24. Qb2 e3 25. Bxd5+ Rxd5 26. Rd3 exf2+ 27. Kxf2 Bd7
28. Nf3 Rxd3 29. Rxd3 Be6 30. h4 h6 31. Ne5+ Kg7 32. Nxc6+ Qf6 33. Nd4 Bc4 34.
Rd2 f4 35. Nf5+ gxf5 36. Rd7+ Bf7 37. Qxf6+ Kxf6 38. Rxb7 fxg3+ 39. Kxg3 Bxa2
40. b5 Rg8+ 41. Kf2 Rg7 42. c6 Bd5 43. Rb8 Re7 44. Rh8 Bc4 45. Rxh6+ Kg7 46.
Rh5 Kg6 47. Rg5+ Kf6 48. Rg1 Bxb5 49. Rc1 Rc7 50. Kf3 Rxc6 51. Rb1 Rc3+ 52. e3
Bc6+ 53. Kf4 Rc4+ 54. Kg3 a5 55. Rb6 a4 56. Ra6 Kg6 57. Kf2 Kh5 58. Kg3 Rg4+
59. Kf2 Rg2+ 60. Ke1 Rc2 61. Ra5 Be4 62. Rxa4 Kxh4 63. Kd1 Rh2 64. Ke1 Kg3 65.
Ra3 Kf3 66. Rc3 Re2+ 0-1

[Event "We LahS A 2020 Lahti"]
[Site "?"]
[Date "2020.08.16"]
[Round "4"]
[White "Paronen, Petteri"]
[Black "Sipila, Markku"]
[Result "1/2-1/2"]
[WhiteElo "2022"]
[BlackElo "2047"]
[PlyCount "59"]
[EventDate "2020.??.??"]
[SourceDate "2021.11.06"]
[SourceVersionDate "2021.11.06"]

1. e4 c5 2. Nf3 e6 3. c3 a6 4. d4 Qc7 5. Bd3 Nc6 6. Nbd2 d6 7. O-O Nf6 8. Re1
Be7 9. dxc5 dxc5 10. e5 Nd7 11. Qe2 Nb6 12. a3 Bd7 13. Nf1 O-O-O 14. b4 f6 15.
b5 axb5 16. Bxb5 Nd5 17. Bb2 Nxe5 18. Nxe5 fxe5 19. Bxd7+ Rxd7 20. g3 Bf6 21.
c4 Ne7 22. Bxe5 Bxe5 23. Qxe5 Nf5 24. Qxc7+ Kxc7 25. Rxe6 Nd4 26. Re4 Ra8 27.
a4 Nc2 28. Ra2 Nb4 29. Ra1 Nc2 30. Ra2 1/2-1/2

[Event "We LahS A 2020 Lahti"]
[Site "?"]
[Date "2020.08.16"]
[Round "4"]
[White "Maki, Juha"]
[Black "Tuominen, Joona"]
[Result "1-0"]
[WhiteElo "2040"]
[BlackElo "2025"]
[PlyCount "81"]
[EventDate "2020.??.??"]
[SourceDate "2021.11.06"]
[SourceVersionDate "2021.11.06"]

1. d4 Nc6 2. d5 Ne5 3. f4 Ng6 4. e4 e6 5. dxe6 fxe6 6. h4 Bc5 7. h5 N6e7 8. Nh3
Nf6 9. Nc3 d6 10. Qf3 Nc6 11. Be3 Bxe3 12. Qxe3 Bd7 13. Be2 Qe7 14. O-O-O O-O-O
15. Nf2 g6 16. g4 gxh5 17. g5 Ng4 18. Nxg4 hxg4 19. Bxg4 Rdg8 20. Rh6 Rg6 21.
Rdh1 Rxh6 22. Rxh6 Rf8 23. Ne2 Rf7 24. a3 b6 25. b4 Nd8 26. Qd3 Kb8 27. Kb2 Bc8
28. Bh5 Rg7 29. Nd4 e5 30. Nf5 Bxf5 31. exf5 exf4 32. f6 Qe5+ 33. Qc3 Rxg5 34.
f7 Nxf7 35. Bxf7 f3 36. Rf6 Qg3 37. Rxf3 Qg1 38. Bc4 Kb7 39. Qd3 b5 40. Bxb5
Rxb5 41. Qxb5+ 1-0

[Event "We LahS A 2020 Lahti"]
[Site "?"]
[Date "2020.08.16"]
[Round "4"]
[White "Mustonen, Tapani"]
[Black "Vainikainen, Tommi"]
[Result "1-0"]
[WhiteElo "1979"]
[BlackElo "1015"]
[PlyCount "111"]
[EventDate "2020.??.??"]
[SourceDate "2021.11.06"]
[SourceVersionDate "2021.11.06"]

1. d4 Nf6 2. Nf3 g6 3. g3 Bg7 4. Bg2 O-O 5. O-O d6 6. b3 c5 7. Bb2 Nbd7 8. c4
Rb8 9. a4 Re8 10. Nbd2 e5 11. dxc5 dxc5 12. Ng5 Nf8 13. Nde4 Nxe4 14. Nxe4 b6
15. Nd6 Re6 16. Nxc8 Rxc8 17. Bh3 Rd6 18. Qc1 Rcc6 19. Bg2 Rc7 20. Bd5 Rcd7 21.
Qe3 Rxd5 22. cxd5 Rxd5 23. Rfc1 Ne6 24. Qe4 f5 25. Qc4 Kh8 26. a5 Nd4 27. axb6
axb6 28. Bxd4 Rxd4 29. Qf7 Rd7 30. Ra8 Qxa8 31. Qxd7 e4 32. Rd1 Qg8 33. Qc7 h5
34. Rd8 Bf8 35. Qxb6 Kh7 36. Qf6 Bg7 37. Rd7 Kh6 38. Qb6 c4 39. bxc4 Qxc4 40.
Qe3+ Kh7 41. Qa7 Qg8 42. Rf7 Kh6 43. Qd7 Qh8 44. h4 Qg8 45. Qe7 Kh7 46. Qe6 Qd8
47. Rd7 Qg8 48. Qc6 Qf8 49. Qd5 Qg8 50. Qc6 Qf8 51. Kf1 Qg8 52. e3 Kh6 53. Qd5
Qc8 54. Qf7 Qh8 55. Rd6 Qh7 56. Qxf5 1-0

[Event "We Salo 2020"]
[Site "?"]
[Date "2020.10.10"]
[Round "2"]
[White "Ruotanen, Helge"]
[Black "Asikainen, Eeli"]
[Result "1-0"]
[WhiteElo "2015"]
[BlackElo "1902"]
[PlyCount "119"]
[EventDate "2020.??.??"]
[SourceDate "2021.11.06"]
[SourceVersionDate "2021.11.06"]

1. g3 d5 2. d3 e6 3. Bg2 c5 4. Nc3 Nf6 5. Bg5 Be7 6. e4 d4 7. Nce2 Nfd7 8. Bd2
O-O 9. f4 e5 10. Nf3 Nc6 11. f5 c4 12. g4 Nc5 13. dxc4 Nxe4 14. Kf1 d3 15. Ng3
Nc5 16. cxd3 Nxd3 17. Qc2 Bb4 18. Rd1 Re8 19. Bg5 f6 20. Rxd3 Bd7 21. Qd1 Re7
22. Bc1 Nd4 23. a3 Bc5 24. b4 Bb6 25. c5 Bc7 26. Nxd4 exd4 27. Rxd4 Bb5+ 28.
Kf2 Bxg3+ 29. Kxg3 Qc7+ 30. Bf4 Qc8 31. Re1 Qf8 32. Re6 Rxe6 33. fxe6 g5 34.
Bd6 Qh6 35. h3 Qg6 36. Be7 Kg7 37. Rd8 Rxd8 38. Qxd8 Be8 39. Bxf6+ Qxf6 40.
Qxf6+ Kxf6 41. Bxb7 Kxe6 42. Kf3 Bb5 43. Kf2 Ba4 44. Bg2 Bb5 45. Ke3 Ke5 46.
Kd2 Ke6 47. Kc3 Ba4 48. Kd4 Bb5 49. Bd5+ Kd7 50. Bc4 Bc6 51. Bf1 Bh1 52. Ke5
Ke7 53. Kf5 h6 54. Kg6 Bb7 55. Kxh6 Kf6 56. b5 Bc8 57. c6 Be6 58. Bd3 Bd5 59.
c7 Bb7 60. Bf5 1-0

[Event "We Salo 2020"]
[Site "?"]
[Date "2020.10.10"]
[Round "3"]
[White "Ruotanen, Helge"]
[Black "Ertbjerg, Per"]
[Result "0-1"]
[WhiteElo "2015"]
[BlackElo "2045"]
[PlyCount "102"]
[EventDate "2020.??.??"]
[SourceDate "2021.11.06"]
[SourceVersionDate "2021.11.06"]

1. g3 d5 2. d3 e5 3. Bg2 f5 4. Nf3 e4 5. Ne5 Bd6 6. d4 Nd7 7. c4 Nxe5 8. dxe5
Bxe5 9. cxd5 Nf6 10. Nc3 Bxc3+ 11. bxc3 Qxd5 12. Qc2 O-O 13. O-O Rd8 14. Be3
Be6 15. Rfc1 Qc4 16. Rcb1 b6 17. Rb4 Qc6 18. Bg5 a5 19. Rb2 Bc4 20. g4 Nxg4 21.
Bxd8 Rxd8 22. Rd1 Rd6 23. h3 Ne5 24. Rxd6 Qxd6 25. Qd2 Qxd2 26. Rxd2 Kf7 27. f4
exf3 28. exf3 f4 29. Rd4 g5 30. a3 Ke7 31. Kf2 c6 32. h4 h6 33. hxg5 hxg5 34.
Bh3 Bd5 35. Bg4 Kd6 36. Rd1 Kc5 37. Bh5 Kc4 38. Rg1 Kxc3 39. Rxg5 Kd4 40. Ke2
b5 41. Rf5 Nd3 42. Rf8 b4 43. axb4 axb4 44. Bg6 Ne5 45. Rxf4+ Kc3 46. Be4 b3
47. Bxd5 cxd5 48. Rf8 b2 49. Rc8+ Nc4 50. Rb8 d4 51. Kd1 d3 0-1

[Event "We Salo 2020"]
[Site "?"]
[Date "2020.10.11"]
[Round "5"]
[White "Asikainen, Eeli"]
[Black "Ertbjerg, Per"]
[Result "0-1"]
[WhiteElo "1902"]
[BlackElo "2045"]
[PlyCount "72"]
[EventDate "2020.??.??"]
[SourceDate "2021.11.06"]
[SourceVersionDate "2021.11.06"]

1. e4 c5 2. c3 Nf6 3. e5 Nd5 4. d4 cxd4 5. cxd4 d6 6. Nf3 Nc6 7. Bc4 e6 8. O-O
dxe5 9. Nxe5 Nxe5 10. dxe5 Be7 11. Nd2 O-O 12. Qg4 Nb6 13. Bb3 Qc7 14. Nf3 Rd8
15. Bh6 Bf8 16. Rac1 Qb8 17. Qh4 Bd7 18. Bg5 Rc8 19. Bc2 h6 20. Qe4 Rxc2 21.
Rxc2 hxg5 22. Nxg5 g6 23. Qf3 Be8 24. Qh3 Bg7 25. f4 Qd8 26. Kh1 Rc8 27. Rxc8
Qxc8 28. Qh7+ Kf8 29. Qh4 Qc4 30. Re1 Bxe5 31. Ne4 Bg7 32. Qd8 Qb4 33. Qd1 Nd5
34. f5 gxf5 35. Ng5 Qg4 36. Qc1 Nf4 0-1

[Event "We LauttSSK 2020"]
[Site "?"]
[Date "2020.10.03"]
[Round "2"]
[White "Paasikangas, Johanna"]
[Black "Arstila, Petteri"]
[Result "1-0"]
[WhiteElo "2168"]
[BlackElo "2113"]
[PlyCount "57"]
[EventDate "2021.11.12"]
[SourceDate "2021.11.06"]
[SourceVersionDate "2021.11.06"]

1. d4 Nf6 2. c4 e6 3. Nc3 Bb4 4. Qc2 O-O 5. a3 Bxc3+ 6. Qxc3 b5 7. cxb5 c6 8.
bxc6 Nxc6 9. Bg5 Ba6 10. Nf3 Rc8 11. Qd2 Na5 12. Bxf6 gxf6 13. Rd1 Nb3 14. Qb4
Rb8 15. Qa4 Qb6 16. e3 Bxf1 17. Kxf1 Qb7 18. d5 Rfc8 19. g3 Rc2 20. Kg2 Rbc8
21. Qg4+ Kf8 22. Rhf1 Rxb2 23. Qf4 Kg7 24. e4 Rc4 25. Ne5 Rd4 26. Ng4 Kf8 27.
Qxf6 Rbd2 28. Rxd2 Rxd2 29. Rb1 1-0

[Event "Seniori S50 SM 2020"]
[Site "?"]
[Date "2020.09.25"]
[Round "2"]
[White "Kumpulainen, Jari"]
[Black "Salimaki, Janne"]
[Result "0-1"]
[WhiteElo "1915"]
[BlackElo "2096"]
[PlyCount "100"]
[EventDate "2020.??.??"]
[SourceDate "2021.11.06"]
[SourceVersionDate "2021.11.06"]

1. e4 e5 2. Nf3 Nc6 3. Bb5 a6 4. Ba4 Nf6 5. Qe2 b5 6. Bb3 Be7 7. c3 O-O 8. O-O
d6 9. Rd1 Na5 10. Bc2 c5 11. d3 Re8 12. Nbd2 Bf8 13. Nf1 g6 14. Bg5 h6 15. Bh4
Bg7 16. Ne3 Bb7 17. h3 Qd7 18. Bxf6 Bxf6 19. Ng4 Bg7 20. Qe3 h5 21. Ngh2 Rac8
22. g4 d5 23. Nh4 hxg4 24. hxg4 Qe7 25. g5 dxe4 26. dxe4 Nc4 27. Qg3 Nxb2 28.
Re1 c4 29. a4 Nd3 30. Re3 Nf4 31. Kh1 Red8 32. Ng2 Rd2 33. Bd1 Rcd8 34. Bf3 b4
35. cxb4 Qxb4 36. Ng4 Nh5 37. Qh4 c3 38. Nf6+ Nxf6 39. gxf6 Bf8 40. Bh5 R8d3
41. Bxg6 fxg6 42. Qg4 Kf7 43. Nh4 Rxe3 44. Qxg6+ Ke6 45. Qe8+ Kxf6 46. Qg6+ Ke7
47. Nf5+ Kd7 48. Qf7+ Be7 49. Nxe3 Qxe4+ 50. Kh2 Qh4+ 0-1

[Event "Seniori S50 SM 2020"]
[Site "?"]
[Date "2020.09.25"]
[Round "2"]
[White "Piho, Juha"]
[Black "Salmenkivi, Eero"]
[Result "0-1"]
[WhiteElo "1932"]
[BlackElo "2023"]
[PlyCount "66"]
[EventDate "2020.??.??"]
[SourceDate "2021.11.06"]
[SourceVersionDate "2021.11.06"]

1. e4 c5 2. Nf3 Nc6 3. d4 cxd4 4. Nxd4 g6 5. c4 Bg7 6. Be3 Nf6 7. Nxc6 bxc6 8.
Nc3 d6 9. Be2 O-O 10. O-O Qc7 11. f4 Ne8 12. f5 Nf6 13. Qd2 Nd7 14. Rad1 Ne5
15. Kh1 Bd7 16. Bh6 f6 17. Bxg7 Kxg7 18. Qf4 Qb6 19. b3 Qb4 20. Qg3 Be8 21. Rc1
Bf7 22. Rc2 g5 23. Nd1 a5 24. Nf2 a4 25. h4 h6 26. Nh3 axb3 27. axb3 Rg8 28.
hxg5 hxg5 29. Nxg5 fxg5 30. Qxg5+ Kf8 31. Qh6+ Ke8 32. f6 Kd7 33. Qf4 Qc5 0-1

[Event "Seniori S50 SM 2020"]
[Site "?"]
[Date "2020.09.26"]
[Round "5"]
[White "Salmenkivi, Eero"]
[Black "Kumpulainen, Jari"]
[Result "1/2-1/2"]
[WhiteElo "2023"]
[BlackElo "1915"]
[PlyCount "52"]
[EventDate "2020.??.??"]
[SourceDate "2021.11.06"]
[SourceVersionDate "2021.11.06"]

1. e4 c5 2. c3 Nc6 3. d4 cxd4 4. cxd4 e6 5. Nf3 d5 6. e5 Nge7 7. Na3 Ng6 8. Nc2
Be7 9. Bd3 Bd7 10. a3 O-O 11. h4 f5 12. exf6 Bxf6 13. Bxg6 hxg6 14. Qd3 Be8 15.
Bg5 Rc8 16. Rd1 Qc7 17. Ne3 Qa5+ 18. b4 Qc7 19. Ng4 Ne7 20. Nge5 Qc3+ 21. Qxc3
Rxc3 22. Bc1 Ba4 23. Bb2 Rc2 24. Rd2 Rfc8 25. Ke2 Nf5 26. Rhd1 Bxe5 1/2-1/2

[Event "We Patola 70v Helsinki 2020"]
[Site "?"]
[Date "2020.11.07"]
[Round "2"]
[White "Ertbjerg, Per"]
[Black "Lallukka, Taneli"]
[Result "0-1"]
[WhiteElo "2057"]
[BlackElo "1967"]
[PlyCount "86"]
[EventDate "2020.??.??"]
[SourceDate "2021.11.06"]
[SourceVersionDate "2021.11.06"]

1. d4 d5 2. Bf4 Nf6 3. e3 Bf5 4. Nf3 c5 5. Nc3 e6 6. Nb5 Na6 7. c3 Be7 8. Ne5
O-O 9. g4 Be4 10. f3 Bg6 11. h4 h5 12. g5 Nd7 13. Nxg6 fxg6 14. Bh3 Qb6 15. Qe2
Rfe8 16. a4 Nf8 17. O-O Bd8 18. Kh1 Bc7 19. a5 Qc6 20. Nxc7 Nxc7 21. e4 Nb5 22.
dxc5 Qxc5 23. Rac1 Nd6 24. b4 Qc6 25. Qd3 Rad8 26. Bg2 dxe4 27. fxe4 e5 28. Bh2
Nc4 29. Qf3 Ne6 30. Qf7+ Kh8 31. Qxg6 Ne3 32. Qxh5+ Kg8 33. g6 Nf8 34. Rxf8+
Kxf8 35. Qh8+ Ke7 36. Qxg7+ Kd6 37. c4 Qd7 38. Qf6+ Kc7 39. Bxe5+ Kc8 40. Bg3
Nxg2 41. Re1 Qh3+ 42. Kg1 Qxg3 43. Ra1 Ne3+ 0-1

[Event "We Patola 70v Helsinki 2020"]
[Site "?"]
[Date "2020.11.08"]
[Round "4"]
[White "Lallukka, Taneli"]
[Black "Jarvenpaa, Jari"]
[Result "0-1"]
[WhiteElo "1967"]
[BlackElo "2278"]
[PlyCount "62"]
[EventDate "2020.??.??"]
[SourceDate "2021.11.06"]
[SourceVersionDate "2021.11.06"]

1. e4 d6 2. d4 Nf6 3. Nc3 e5 4. dxe5 dxe5 5. Qxd8+ Kxd8 6. Bc4 Be6 7. Bxe6 fxe6
8. f4 Bb4 9. fxe5 Nxe4 10. Bd2 Bxc3 11. Bxc3 Nxc3 12. bxc3 Nd7 13. Nf3 Ke7 14.
O-O-O Rad8 15. Rhe1 Nb6 16. Rd4 Rd5 17. Red1 Rhd8 18. R1d3 h6 19. g4 c5 20.
Rxd5 Nxd5 21. g5 Rf8 22. gxh6 gxh6 23. Nh4 Rf1+ 24. Kb2 Nb6 25. Ng6+ Kf7 26.
Rg3 Nc4+ 27. Kb3 Nd2+ 28. Ka4 Rb1 29. Nh8+ Ke8 30. Rg4 Nc4 31. Rg8+ Kd7 0-1

[Event "We 42. Kalakukko A 2021"]
[Site "?"]
[Date "2021.05.15"]
[Round "1"]
[White "Ronka, Erik"]
[Black "Tiiva, Eetu"]
[Result "1-0"]
[WhiteElo "2330"]
[BlackElo "1906"]
[PlyCount "41"]
[EventDate "2021.??.??"]
[SourceDate "2021.11.06"]
[SourceVersionDate "2021.11.06"]

1. e4 e6 2. d4 b6 3. Nf3 Bb7 4. Bd3 Nf6 5. Qe2 d5 6. e5 Nfd7 7. O-O c5 8. c4
dxc4 9. Bxc4 Be7 10. Nc3 cxd4 11. Nxd4 a6 12. Bxe6 Nc5 13. Rd1 fxe6 14. Nxe6
Qxd1+ 15. Qxd1 Nxe6 16. Qg4 Bc8 17. Nd5 Bd8 18. Nf4 Kf7 19. Qf5+ Ke7 20. Nxe6
h6 21. b3 1-0

[Event "We 42. Kalakukko A 2021"]
[Site "?"]
[Date "2021.05.15"]
[Round "1"]
[White "Viitaniemi, Olli"]
[Black "Houtsonen, Pedri"]
[Result "0-1"]
[WhiteElo "1901"]
[BlackElo "2155"]
[PlyCount "40"]
[EventDate "2021.??.??"]
[SourceDate "2021.11.06"]
[SourceVersionDate "2021.11.06"]

1. c4 g6 2. Nc3 Bg7 3. d4 Nf6 4. e4 d6 5. Be2 O-O 6. Be3 Na6 7. g4 c5 8. g5 Nh5
9. Bxh5 gxh5 10. Nge2 Bg4 11. Qd2 Rc8 12. d5 Qa5 13. h3 Bf3 14. Rg1 Qb4 15. Rc1
Qxc4 16. Ng3 Nb4 17. Nf5 Nd3+ 18. Qxd3 Qxd3 19. Nxe7+ Kh8 20. Nxc8 Bxc3+ 0-1

[Event "We 42. Kalakukko A 2021"]
[Site "?"]
[Date "2021.05.15"]
[Round "2"]
[White "Kinnunen, Markku"]
[Black "Eloranta, Kari"]
[Result "1/2-1/2"]
[WhiteElo "1940"]
[BlackElo "1915"]
[PlyCount "39"]
[EventDate "2021.??.??"]
[SourceDate "2021.11.06"]
[SourceVersionDate "2021.11.06"]

1. b3 b6 2. Bb2 Bb7 3. Nf3 Nf6 4. g3 e6 5. Bg2 c5 6. c4 Be7 7. Nc3 Nc6 8. O-O
O-O 9. a3 d5 10. cxd5 Nxd5 11. Qc2 Nxc3 12. dxc3 Bf6 13. Rfd1 Qe7 14. e3 Rfd8
15. Nd2 g6 16. Ne4 Bg7 17. c4 Rxd1+ 18. Rxd1 Rd8 19. Bxg7 Kxg7 20. Qc3+ 1/2-1/2

[Event "We 42. Kalakukko A 2021"]
[Site "?"]
[Date "2021.05.15"]
[Round "2"]
[White "Mustonen, Tapani"]
[Black "Niemi, Olavi"]
[Result "0-1"]
[WhiteElo "1922"]
[BlackElo "1964"]
[PlyCount "76"]
[EventDate "2021.??.??"]
[SourceDate "2021.11.06"]
[SourceVersionDate "2021.11.06"]

1. d4 Nf6 2. Bg5 e6 3. e4 Be7 4. Nc3 O-O 5. Qd2 h6 6. Bxf6 Bxf6 7. e5 Be7 8. f4
b6 9. g4 Bh4+ 10. Kd1 d5 11. Nf3 Be7 12. h4 f6 13. g5 fxe5 14. Nxe5 Nd7 15. Ng6
Rf7 16. gxh6 gxh6 17. f5 Nf6 18. fxe6 Bxe6 19. Rg1 Ng4 20. Nxe7+ Qxe7 21. Qe2
h5 22. Kd2 Raf8 23. Qe5 Rf5 24. Qe3 Kh7 25. Rxg4 Rf2+ 26. Be2 hxg4 27. Nxd5 Qf7
28. c4 c6 29. Nc3 Bxc4 30. Re1 Re8 31. Qg5 Rg8 32. Qe5 g3 33. Ne4 Bxe2 34. Rxe2
Rxe2+ 35. Kxe2 g2 36. Ng5+ Rxg5 37. Qxg5 Qf1+ 38. Kd2 g1=Q 0-1

[Event "We 42. Kalakukko A 2021"]
[Site "?"]
[Date "2021.05.16"]
[Round "3"]
[White "Niemi, Olavi"]
[Black "Kauko, Pekka"]
[Result "0-1"]
[WhiteElo "1964"]
[BlackElo "1933"]
[PlyCount "70"]
[EventDate "2021.??.??"]
[SourceDate "2021.11.06"]
[SourceVersionDate "2021.11.06"]

1. e4 c5 2. g3 Nc6 3. Bg2 d6 4. d3 g6 5. f4 Bg7 6. c3 Nf6 7. Nf3 e5 8. O-O O-O
9. h3 Nh5 10. Kh2 exf4 11. gxf4 Qe7 12. Re1 Bh6 13. f5 Bf4+ 14. Bxf4 Nxf4 15.
Bh1 Ne5 16. Nxe5 dxe5 17. d4 cxd4 18. cxd4 Qh4 19. Bg2 Nxg2 20. Kxg2 exd4 21.
Nd2 Qg5+ 22. Kh1 Bd7 23. Rg1 Qe3 24. Kh2 Bc6 25. Qe1 Qf4+ 26. Kh1 Qxf5 27. Qh4
Rae8 28. Rae1 Qb5 29. b3 Qd3 30. Rg2 Re6 31. Kh2 Rfe8 32. Rf2 f5 33. Nf3 Rxe4
34. Rxe4 Qxe4 35. Qf6 Qf4+ 0-1

[Event "We 42. Kalakukko A 2021"]
[Site "?"]
[Date "2021.05.16"]
[Round "4"]
[White "Kauko, Pekka"]
[Black "Eloranta, Kari"]
[Result "0-1"]
[WhiteElo "1933"]
[BlackElo "1915"]
[PlyCount "82"]
[EventDate "2021.??.??"]
[SourceDate "2021.11.06"]
[SourceVersionDate "2021.11.06"]

1. d4 Nf6 2. c4 e6 3. Nf3 c5 4. e3 d5 5. Nc3 Nc6 6. b3 cxd4 7. exd4 Bb4 8. Bd2
Ne4 9. Nxe4 dxe4 10. Bxb4 Nxb4 11. Qd2 exf3 12. Qxb4 Qxd4 13. Rd1 Qe4+ 14. Kd2
fxg2 15. Bxg2 Qxg2 16. Kc1 Qg5+ 17. Kb1 Qf5+ 18. Kc1 Qf4+ 19. Kb1 Qe4+ 20. Kc1
Bd7 21. Rhg1 g6 22. Rxd7 Kxd7 23. Rd1+ Kc8 24. Qe7 Qf4+ 25. Kb1 Qc7 26. Qf6 Re8
27. h4 h5 28. c5 a5 29. Rc1 Ra6 30. a3 e5 31. Qf3 e4 32. Qc3 Rc6 33. b4 b6 34.
Qc4 bxc5 35. Rc2 Re5 36. b5 Rb6 37. Rb2 Qd7 38. Qa4 Qb7 39. Qc4 Qd5 40. Qa4 e3
41. fxe3 Qe4+ 0-1